00680nam a2200241 a 4500001001300000003000900013005001700022008004100039020002300080082001300103100001600116245004400132260003600176300000900212500003500221505001000256650001000266700001600276902000800292942000700300952011400307999001700421nice12345678IN_TiNIC20260116013738.0050524s1992 newa grp 000 0 eng  a8173048 c15000a954bDAS aDas, Arvind aIndia Inventedb a Nation in the Making aNew Delhi bManohar Pub. c1992 a270p aincludes index and biblioraphy2 aIndex aIndia1 aDas, Arvind bSRS cBK 001040708StackRoom-aHMIbHMId2007-04-03g150.00l0o954 DASp018615r2007-04-03v150.00w2005-05-24yBK c12268d12268